00476 2200193 4500001002100000008004100021035002000062245004500082100001200127260002400139300002000163020002200183084001400205082000800219650001000227990001500237990001500252990001500267INLIS000000000003229 ind  a0010-1225000050 aKami (Bukan) Generasi Bac*tcJ.S.Khairen aKhairen aJakarta :bGrasindo a271c13,5x20 cm a978-602-05-3093-2 a813 KHA k a813 aFiksi a19696/B/26 a19697/B/26 a19698/B/26